00886pam a2200289 a 45000010005000000030003000050050017000080200027000250200024000520200018000760400037000940500008001310820016001391000020001552450082001752600030002573000040002874900028003275050006003555210018003615210018003796500056003976500050004536500029005036550024005327000040005561905Uk20231009125646.0 a9781409504337 (pbk.) : a1409504336 (pbk.) : a9781409504337 aStDuBDSbengcStDuBDSdUkdFISKH aPZ704a823.9142221 aKimpton, Diana.14aThe great sheep race /cDiana Kimpton ; illustrated by Desideria Gucciardini. aLondon :bUsborne,c2010. a110 pages :billustrations ;c20 cm0 aAmy Wild, animal talker aK a600 bLexile aK bRaz-Plus 0aWild, Amy (Fictitious character)vJuvenile fiction. 0aHuman-animal communicationvJuvenile fiction. 0aSheepvJuvenile fiction. 0aChildren's stories. aGucciardini, Desideriaeillustrator